000
00276nam a22001217a 4500
082
_a
894.812.3
_b
BAS/P
100
_a
MUHAMMED BASHEER, VAIKKOM
245
_a
PATHUMMAYUDE AADU
260
_a
KOTTAYAM
_b
BHASAM PUBLICATIONS
300
_a
96
650
_a
STORY
_z
KERALA
942
_c
BK
999
_c
1434
_d
1434